| 000 | 00990nam a22003137a 4500 | ||
|---|---|---|---|
| 003 | CHAP | ||
| 005 | 20220329133018.0 | ||
| 008 | 971013s1976 r 00010 d | ||
| 010 | _a1266 | ||
| 011 | _a2238 | ||
| 035 | _a1431 | ||
| 040 | _cCHAP | ||
| 082 |
_a636.0891 _bP3 1976 |
||
| 100 | 0 | 0 |
_aParker, W. H. _985618 |
| 245 |
_aHealth and disease in farm animals _b: for those concerned with animal husbandry |
||
| 250 | _a2 ed. | ||
| 260 |
_aOxford : _bPergamon, _c1976 |
||
| 300 |
_a305 p. _b: ilus. |
||
| 500 | _a41-34 | ||
| 590 |
_aBATCH-UPD _b10 _c20130110 _lUCH01 _h0942 |
||
| 590 |
_aBATCH-UPD _b10 _c20130410 _lUCH01 _h0558 |
||
| 590 |
_aBATCH-UPD _b10 _c20130914 _lUCH01 _h0337 |
||
| 590 |
_aCONVERSION _b10 _c20130109 _lUCH01 _h1302 |
||
| 650 | 1 | 4 |
_aAnimales domésticos _xAnatomía y fisiología. _95892 |
| 650 | 1 | 4 |
_aGanado _xEnfermedades. _944909 |
| 901 | _aBK | ||
| 942 | _cLIBRO | ||
| 949 |
_a636.0891 P3 1976 _bBC _cLIBRO _d33724000276127 _eLIBRO _gI.148588 _h78554 _i1431 _si _t156.00 |
||
| 999 |
_c1266 _d1266 |
||